all-american bitch - Olivia Rodrigo (All Lyrics) - Statistics

General Stats
  • This quiz has been taken 30 times
  • The average score is 226 of 253
Answer Stats
Lyrics % Correct
a
100%
all-
100%
All
100%
all
100%
am
100%
American
100%
And
100%
and
100%
as
100%
feather,
100%
I
100%
I,
100%
I'm
100%
it
100%
it,
100%
light
100%
like
100%
like,
100%
Like,
100%
that
100%
That
100%
the
100%
time
100%
time)
100%
to
100%
what
100%
you
100%
act
94%
attention
94%
bitch
94%
can't
94%
cry
94%
for
94%
forget
94%
forgive,
94%
Forgive
94%
ignore
94%
kind
94%
know
94%
most
94%
my
94%
pay
94%
people
94%
perfect
94%
pretty
94%
resist
94%
sexy
94%
things
94%
when
94%
age
88%
got
88%
Got
88%
grateful
88%
(Grateful
88%
in
88%
jokes
88%
machine
88%
make
88%
with
88%
With
88%
board
81%
hips
81%
fucking
81%
is
81%
movies
81%
Oh,
81%
stiff
81%
total
81%
"Ah"
75%
air
75%
'bout
75%
built
75%
lips
75%
me,
75%
mother
75%
sure
75%
that's
75%
this
75%
alright
69%
cruelty,
69%
deal
69%
don't
69%
eternal
69%
get
69%
inside
69%
I've
69%
love
69%
place
69%
pocket,
69%
scream
69%
senseless
69%
sun
69%
Yeah,
69%
your
69%
angry
63%
Coca-Cola
63%
darkness
63%
fresh
63%
just
63%
Just
63%
mean
63%
of
63%
optimist
63%
pissed
63%
bottles
56%
hair
56%
Kennedy,
56%
motherfuckin'
56%
swear
56%
use
56%
believe
50%
best
50%
curl
50%
every
50%
feel
50%
goddamn
50%
issue,
50%
little
50%
class
44%
integrity
44%
only
44%
spare
44%
No matching quizzes found
Score Distribution
Percent of People with Each Score
Percentile by Number Answered
Your Score History
You have not taken this quiz